| 000 | 01769nam0a2200337 i 4500 | ||
|---|---|---|---|
| 001 | RU\NLR\BIBL_A\011221258 | ||
| 005 | 20260408064452.0 | ||
| 010 |
_a9785949845714 _9100 |
||
| 021 |
_aRU _b2016-70789 _94564 |
||
| 035 | _a(NILC)RuMoRGB-008618978 | ||
| 035 | _a(NLR Aleph) 011221258 | ||
| 090 |
_a12026190 _c12026190 |
||
| 100 | _a20160929d2016 m y0rusy50 ca | ||
| 101 | 0 | _arus | |
| 102 | _aRU | ||
| 105 | _aac z 010yd | ||
| 200 | 1 |
_aЛес - это судьба _eочерки о заслуженных лесоводах Свердловской области _fМинобрнауки России, ФГБОУ ВО "Урал. гос. лесотехн. ун-т" _g[сост. Евгения Сергеевна Вахрушева] |
|
| 210 |
_aЕкатеринбург _cРедакционно-издательский отдел ФГБОУ ВО "Уральский государственный лесотехнический университет" _d2016 |
||
| 215 |
_a254, [1] с. _cил., портр. _d25 |
||
| 300 | _aПосвящ. 50-летию со дня проведения первого Всерос. съезда лесоводов | ||
| 606 | 1 |
_aЛесоводы _yСвердловская область _92298700 _3RU\NLR\AUTH\6601603071 |
|
| 675 | _a630 | ||
| 686 | 1 | _aП34д(2) | |
| 702 | 1 |
_aВахрушева _bЕ. С. _gЕвгения Сергеевна _4220 |
|
| 712 | 0 | 2 |
_4570 _aУральский государственный лесотехнический университет _cЕкатеринбург _9583633 _3RU\NLR\AUTH\8810042115 |
| 801 | 0 |
_aRU _bРГБ _c20160915 _gRCR |
|
| 942 | _cBOOK | ||
| 980 | _aNBR | ||